000 00460nam a2200157Ia 4500
005 20250508155701.0
008 008 250505s9999 xx 000 0 eng d
037 _aBooks to be hide in OPAC
040 _aFEDL
_beng
_cFEDL
041 _aeng
_2eng
084 _a375.07, UNI/O
_qFEDL
245 0 _aSenior high schools journalims 2 and 3: An instructional guide
300 _axiv,89p.
942 _cHB
_h375.07, UNI/O
999 _c1358778
_d1358778